[Event "Haarlem AKN Weekender op-8"]
[Site "Haarlem"]
[Date "1999.07.03"]
[Round "4"]
[White "Dgebuadze, Alexandre"]
[Black "Bosboom, Manuel"]
[Result "1-0"]
[WhiteElo "2510"]
[BlackElo "2476"]
[PlyCount "45"]
[EventDate "1999.07.02"]
[Source "www.chesslib.no"]
[SourceDate "2004.05.04"]

1. e4 c5 2. Nf3 d6 3. d4 cxd4 4. Nxd4 Nf6 5. Nc3 a6 6. Bc4 b5 7. Bb3 Bb7 8. O-O Nbd7 9. Re1 Rc8 10. a4 b4 11. Nd5 e6 12. Bg5 h6 13. Bxf6 Nxf6 14. a5 Be7 15. Nf4 Rc5 16. e5 Rxe5 17. Rxe5 dxe5 18. Ba4+ Nd7 19. Ndxe6 Qc8 20. Nxg7+ Kf8 21. Bxd7 Qd8 22. Nge6+ fxe6 23. Ng6+ 1-0

[Event "Tony Hedlund"]
[Site "Lulea"]
[Date "1999.04.27"]
[Round "14"]
[White "MCP6 P90"]
[Black "Nimzo '99 P200"]
[Result "0-1"]
[WhiteElo "2416"]
[BlackElo "2565"]
[PlyCount "138"]
[EventDate "1999.02.21"]
[Source "www.chesslib.no"]
[SourceDate "2004.05.04"]

1. e4 c5 2. Nf3 d6 3. d4 cxd4 4. Nxd4 Nf6 5. Nc3 a6 6. Bc4 Nbd7 7. Be3 g6 8. f3 Nb6 9. Bb3 Bd7 10. Nde2 Bg7 11. Qd4 Nc8 12. Qd2 a5 13. Bh6 Bxh6 14. Qxh6 a4 15. Bd5 Nb6 16. Bxb7 Ra7 17. e5 dxe5 18. Be4 Rc7 19. Bd3 Nc4 20. Nd1 Bf5 21. Bxc4 Rxc4 22. Ne3 Rc6 23. Nxf5 gxf5 24. Qd2 Qxd2+ 25. Kxd2 e4 26. b3 Rg8 27. Rhg1 Rd6+ 28. Ke1 e5 29. c4 Rd3 30. bxa4 exf3 31. gxf3 Rxg1+ 32. Nxg1 Rc3 33. a5 Rxc4 34. a4 Rc5 35. a6 Ra5 36. Ne2 Rxa6 37. a5 Nd5 38. Ng3 Ne7 39. Ra2 Kd7 40. Nh5 f4 41. Ra3 Kc7 42. Rc3+ Nc6 43. Nf6 Rxa5 44. Nxh7 Ra1+ 45. Kf2 Kd6 46. Kg2 Ra2+ 47. Kh3 Nd4 48. Ng5 Ke7 49. Nh7 f6 50. Kg4 Rg2+ 51. Kh3 Rf2 52. Kg4 f5+ 53. Kg5 Rg2+ 54. Kh6 Rxh2+ 55. Kg6 Rg2+ 56. Kh5 e4 57. Ng5 e3 58. Ra3 e2 59. Ra7+ Kd6 60. Ra1 Nc2 61. Rb1 e1=Q 62. Rxe1 Nxe1 63. Nh3 Ke5 64. Ng5 Kf6 65. Nh7+ Kg7 66. Ng5 Rh2+ 67. Nh3 Kf6 68. Kh4 Ng2+ 69. Kh5 Rxh3# 0-1

[Event "Tony Hedlund"]
[Site "Lulea"]
[Date "1999.04.29"]
[Round "16"]
[White "MCP6 P90"]
[Black "Nimzo '99 P200"]
[Result "1/2-1/2"]
[WhiteElo "2416"]
[BlackElo "2565"]
[PlyCount "208"]
[EventDate "1999.02.21"]
[Source "www.chesslib.no"]
[SourceDate "2004.05.04"]

1. e4 c5 2. Nf3 d6 3. d4 cxd4 4. Nxd4 Nf6 5. Nc3 a6 6. Bc4 Nbd7 7. O-O g6 8. Bg5 Bg7 9. Re1 h6 10. Bh4 Ne5 11. Bb3 g5 12. Bg3 e6 13. Nf3 Nfg4 14. Nxe5 Nxe5 15. Re2 b5 16. Rd2 Ke7 17. a4 b4 18. Na2 a5 19. c3 Qb6 20. cxb4 axb4 21. Kh1 Rd8 22. f3 Bd7 23. Rc1 Rdb8 24. Bf2 Qa5 25. Rxd6 Bxa4 26. Bxa4 Qxa4 27. Rc7+ Ke8 28. Qxa4+ Rxa4 29. Nc1 Ra1 30. Bg1 Ng6 31. Rd2 Rb1 32. b3 Be5 33. Rc4 Rd8 34. Rxd8+ Kxd8 35. g3 Bc3 36. Ne2 Rxb3 37. Nxc3 Rxc3 38. Rxb4 Rxf3 39. Bd4 Kc7 40. Ra4 g4 41. Kg2 h5 42. h4 Ne7 43. Be5+ Kb7 44. Rb4+ Kc6 45. Rc4+ Kb5 46. Rc7 Nc6 47. Bd6 e5 48. Rb7+ Ka6 49. Rb2 f6 50. Bc7 Nd4 51. Rb6+ Ka7 52. Rb4 Nc2 53. Bb6+ Kb7 54. Rb2 Ne1+ 55. Kh2 Kc6 56. Ba7 f5 57. Rb1 Nd3 58. Rb6+ Kd7 59. Rb7+ Kd6 60. Rb6+ Kc7 61. exf5 Rf2+ 62. Kh1 Ra2 63. Rb3 Nf2+ 64. Bxf2 Rxf2 65. f6 Rxf6 66. Rb5 Rf5 67. Rd5 Kc6 68. Ra5 Kd7 69. Kg2 Kd6 70. Ra6+ Kd5 71. Ra5+ Kd4 72. Ra4+ Ke3 73. Ra3+ Kd2 74. Ra2+ Kd3 75. Ra3+ Kc4 76. Ra4+ Kb5 77. Ra7 Kb6 78. Ra4 Rf6 79. Re4 Re6 80. Ra4 Re8 81. Kf2 Rf8+ 82. Ke2 Kc5 83. Ke3 Rf3+ 84. Ke4 Kb6 85. Ra8 Rxg3 86. Rh8 Rg1 87. Rxh5 Re1+ 88. Kd5 g3 89. Rg5 Rg1 90. h5 g2 91. h6 Rd1+ 92. Kxe5 g1=Q 93. Rxg1 Rxg1 94. Kf6 Rf1+ 95. Kg7 Kc5 96. h7 Rg1+ 97. Kf7 Rh1 98. Kg8 Rg1+ 99. Kf8 Rh1 100. Kg8 Rg1+ 101. Kf8 Rf1+ 102. Kg7 Rg1+ 103. Kf7 Rh1 104. Kg7 Rg1+ 1/2-1/2

[Event "Corr"]
[Site "?"]
[Date "2000.09.25"]
[Round "?"]
[White "Kosebay Osman (TUR)"]
[Black "Siigur Juri"]
[Result "1/2-1/2"]
[WhiteElo "2547"]
[BlackElo "2430"]
[PlyCount "44"]
[EventDate "2000.??.??"]
[Source "www.chesslib.no"]
[SourceDate "2004.05.04"]

1. e4 c5 2. Nf3 d6 3. d4 cxd4 4. Nxd4 Nf6 5. Nc3 a6 6. Bc4 b5 7. Bb3 Bb7 8. O-O Nbd7 9. Re1 e6 10. Bg5 h6 11. Bxf6 Nxf6 12. Qf3 Qb6 13. Rad1 Be7 14. Qh3 O-O 15. Re3 Rfe8 16. Rg3 Kh8 17. Nd5 Nxd5 18. exd5 Bf6 19. c3 Bxd5 20. Bxd5 Bxd4 21. Rxd4 exd5 22. Re3 Qb7 1/2-1/2

[Event "Wichern op"]
[Site "Hamburg"]
[Date "1997.??.??"]
[Round "7"]
[White "Feygin, Michail"]
[Black "Gutman, Lev"]
[Result "1/2-1/2"]
[WhiteElo "2500"]
[BlackElo "2475"]
[PlyCount "98"]
[EventDate "1997.10.??"]
[Source "www.chesslib.no"]
[SourceDate "2004.05.04"]

1. e4 c5 2. Nf3 d6 3. d4 cxd4 4. Nxd4 Nf6 5. Nc3 a6 6. Bc4 b5 7. Bb3 Bg4 8. f3 Bd7 9. Bg5 e6 10. Qd2 Be7 11. Be3 Nc6 12. g4 Nxd4 13. Qxd4 O-O 14. g5 Nh5 15. Rg1 Rb8 16. a4 Qa5 17. Kf2 b4 18. Ne2 g6 19. Rad1 Rb7 20. Ng3 e5 21. Qd5 Qxd5 22. Bxd5 Rc7 23. Nxh5 Rxc2+ 24. Rd2 Rxd2+ 25. Bxd2 gxh5 26. Bxb4 Rb8 27. Bc3 Bxa4 28. f4 Bd8 29. Kf3 Bd7 30. fxe5 Bg4+ 31. Kf4 Bc7 32. Ra1 dxe5+ 33. Bxe5 Bxe5+ 34. Kxe5 Rxb2 35. Rxa6 Rxh2 36. Kf6 Rf2+ 37. Ke7 Kg7 38. Rf6 Re2 39. Kd6 Rd2 40. Ke5 h4 41. Rxf7+ Kg6 42. Kf4 Bd1 43. Rf6+ Kg7 44. Be6 Rf2+ 45. Ke5 Rg2 46. Rf7+ Kg6 47. Rd7 Bh5 48. Bf5+ Kxg5 49. Rxh7 Bg4 1/2-1/2

[Event "otb"]
[Site "otb"]
[Date "2007.03.16"]
[Round "12"]
[White "Todorovic Jovan"]
[Black "Damljanovic Branko"]
[Result "0-1"]
[WhiteElo "2381"]
[BlackElo "2590"]
[PlyCount "58"]
[Source "www.chesslib.no"]
[SourceDate "2004.05.04"]

1. e4 c5 2. Nf3 d6 3. d4 cxd4 4. Nxd4 Nf6 5. Nc3 a6 6. Bc4 b5 7. Bb3 Bb7 8. O-O Nbd7 9. Bg5 Rc8 10. Re1 Rc5 11. f4 e6 12. Kh1 h6 13. Bh4 g5 14. e5 dxe5 15. fxe5 Nxe5 16. Bg3 Nc4 17. Nxe6 fxe6 18. Rxe6+ Be7 19. Qe2 Kf7 20. Re1 Re8 21. Bxc4 bxc4 22. Rxf6+ Bxf6 23. Qh5+ Kg7 24. Rxe8 Rf5 25. h3 Rf1+ 26. Kh2 Qd4 27. Ne2 Qd1 28. Rg8+ Kxg8 29. Qg6+ Bg7 0-1

[Event "Ch Bosnia & Herzegovina (team)"]
[Site "Vogosca (Bosnia & Herzegovina"]
[Date "2007.06.04"]
[Round "3"]
[White "Saric Ivan (CRO)"]
[Black "Tadic Branko (SCG)"]
[Result "1/2-1/2"]
[WhiteElo "2463"]
[BlackElo "2504"]
[PlyCount "82"]
[EventDate "2007.??.??"]
[Source "www.chesslib.no"]
[SourceDate "2004.05.04"]

1. e4 c5 2. Nf3 d6 3. d4 cxd4 4. Nxd4 Nf6 5. Nc3 a6 6. Bc4 b5 7. Bb3 Bb7 8. Bg5 Nbd7 9. O-O g6 10. a4 b4 11. Nd5 Bg7 12. Nxb4 Qb6 13. c3 Bxe4 14. Bxf6 Nxf6 15. a5 Qc5 16. Ba4+ Kf8 17. Bc6 Bxc6 18. Ndxc6 Nd7 19. Re1 Bf6 20. Qa4 Qf5 21. Nd4 Bxd4 22. cxd4 Nf6 23. Ra3 Rb8 24. h3 Kg7 25. Rxe7 Qb1+ 26. Kh2 Qxb2 27. Rf3 Rxb4 28. Rxf7+ Kh6 29. Qc6 Nh5 30. g4 Qxd4 31. gxh5 Qe5+ 32. Rg3 Rf4 33. Qd7 Rxf7 34. Qxf7 Qxh5 35. Rg4 Rc8 36. Qf4+ Kg7 37. Qxd6 Qc5 38. Qd7+ Kg8 39. Rf4 Rf8 40. Rxf8+ Kxf8 41. Qd8+ Kf7 1/2-1/2

[Event "Zalakaros Open"]
[Site "Zalakaros"]
[Date "1994.??.??"]
[Round "9"]
[White "Groszpeter, Attila"]
[Black "Barczay, Laszlo"]
[Result "1-0"]
[WhiteElo "2525"]
[BlackElo "2380"]
[PlyCount "105"]
[EventDate "1994.??.??"]
[Source "www.chesslib.no"]
[SourceDate "2004.05.04"]

1. e4 c5 2. Nf3 d6 3. d4 cxd4 4. Nxd4 Nf6 5. Nc3 a6 6. Bc4 Nbd7 7. O-O g6 8. f4 Bg7 9. Nf3 O-O 10. Qe1 b5 11. Bb3 Nc5 12. e5 dxe5 13. fxe5 Ng4 14. Bf4 Nxb3 15. axb3 Bb7 16. Kh1 b4 17. Ne4 Qd5 18. Ned2 f6 19. exf6 Rxf6 20. Qg3 Bh6 21. Bxh6 Nxh6 22. Qc7 Raf8 23. Kg1 Ng4 24. Ra5 Qd8 25. Qxd8 Rxd8 26. Re1 Kf8 27. h3 Nh6 28. Ne4 Rc6 29. Neg5 Ke8 30. Rae5 Ng8 31. R1e2 Rcd6 32. Nxh7 Bxf3 33. gxf3 Rc6 34. Ng5 Rdc8 35. Ne4 Kf8 36. c4 bxc3 37. bxc3 Nf6 38. c4 Nd7 39. Rd5 Nc5 40. Nxc5 Rxc5 41. Rxc5 Rxc5 42. Re6 a5 43. Rxg6 a4 44. bxa4 Rxc4 45. a5 Ra4 46. Ra6 Ra2 47. Ra8+ Kg7 48. a6 Kf7 49. a7 Kg7 50. h4 Kh7 51. h5 Kg7 52. h6+ Kh7 53. Kf1 1-0

[Event "Haifa"]
[Site "?"]
[Date "1989.??.??"]
[Round "?"]
[White "Kindermann, S."]
[Black "Hoelzl, F."]
[Result "1-0"]
[WhiteElo "2530"]
[BlackElo "2360"]
[PlyCount "87"]
[EventDate "1989.??.??"]
[Source "ChessBase"]
[SourceDate "1989.07.01"]

1. e4 c5 2. Nf3 d6 3. d4 cxd4 4. Nxd4 Nf6 5. Nc3 a6 6. Bc4 b5 7. Bb3 Bb7 8. O-O Nbd7 9. Re1 Rc8 10. a4 bxa4 11. Bxa4 e6 12. Nd5 Be7 13. Nxe7 Kxe7 14. Bg5 Rc5 15. Bh4 Ne5 16. b4 Rc4 17. f4 Ng6 18. Bxf6+ gxf6 19. Bb3 Rxb4 20. c3 Rb6 21. f5 Ne5 22. fxe6 fxe6 23. Bxe6 Qa8 24. Rb1 Rxb1 25. Qxb1 Nc6 26. Bd5 Nxd4 27. Bxb7 Qa7 28. cxd4 Rb8 29. e5 dxe5 30. Qb4+ Kf7 31. Qc4+ Kg7 32. Bxa6 Rb6 33. Bc8 Rd6 34. Qc5 Qxc5 35. dxc5 Rc6 36. Bf5 Rxc5 37. Rd1 Kh6 38. Rd7 Kg5 39. Bxh7 f5 40. h3 e4 41. Rf7 Rc1+ 42. Kh2 e3 43. Rxf5+ Kh4 44. g3# 1-0

[Event "URS"]
[Site "?"]
[Date "1958.??.??"]
[Round "?"]
[White "Estrin Yacov"]
[Black "Aronin Lev Solomonovich"]
[Result "1-0"]
[WhiteElo "2450"]
[BlackElo "2420"]
[PlyCount "67"]
[EventDate "1958.??.??"]
[Source "www.chesslib.no"]
[SourceDate "2004.05.04"]

1. e4 c5 2. Nf3 d6 3. d4 cxd4 4. Nxd4 Nf6 5. Nc3 a6 6. Bc4 Nbd7 7. O-O Qc7 8. Qe2 g6 9. f4 Bg7 10. Nf3 b5 11. Bb3 b4 12. Na4 e5 13. f5 Bb7 14. Ng5 O-O 15. fxg6 hxg6 16. Qf3 Bc6 17. Be3 Bh6 18. Qh3 Bxg5 19. Bxg5 Nh5 20. Bh6 Nf4 21. Bxf4 exf4 22. Rxf4 Kg7 23. Raf1 Qa7+ 24. Kh1 Ne5 25. Qh4 f6 26. Rxf6 Qe3 27. Rxf8 Rxf8 28. Qe7+ Nf7 29. Qf6+ Kh7 30. Bxf7 Qxe4 31. Bxg6+ Qxg6 32. Qxg6+ Kxg6 33. Rxf8 Bxa4 34. Rd8 1-0

[Event "FRG-ch 20th"]
[Site "Bad Neuenahr"]
[Date "1989.??.??"]
[Round "?"]
[White "Schmittdiel, Eckhard"]
[Black "Sehner, Norbert"]
[Result "0-1"]
[WhiteElo "2425"]
[BlackElo "2415"]
[PlyCount "66"]
[EventDate "1989.??.??"]
[Source "ChessBase"]

1. e4 c5 2. Nf3 d6 3. d4 cxd4 4. Nxd4 Nf6 5. Nc3 a6 6. Bc4 g6 7. Bg5 Bg7 8. Qd2 O-O 9. O-O-O b5 10. Bb3 Bb7 11. Rhe1 Nc6 12. Nxc6 Bxc6 13. f4 a5 14. e5 a4 15. exf6 exf6 16. Bd5 b4 17. Ne4 Bxd5 18. Bxf6 Bxf6 19. Qxd5 Bg7 20. Qxd6 Qc8 21. Re3 b3 22. Nc3 bxa2 23. Nxa2 Qb7 24. Nb4 Qxg2 25. Nd5 Kh8 26. Nb6 Ra6 27. Re7 Qf2 28. Rb7 a3 29. bxa3 Qe3+ 30. Kb1 Rxa3 31. Qxf8+ Bxf8 32. Rd8 Qe1+ 33. Kb2 Qa1# 0-1

[Event "Schwaebisch Gmuend"]
[Site "Schwaebisch Gmuend"]
[Date "1994.??.??"]
[Round "?"]
[White "Golubev, Mihail"]
[Black "Gohil, Harry"]
[Result "1-0"]
[WhiteElo "2560"]
[BlackElo "2280"]
[PlyCount "63"]
[EventDate "1994.??.??"]
[Source "www.chesslib.no"]
[SourceDate "2004.05.04"]

1. e4 c5 2. Nf3 d6 3. d4 cxd4 4. Nxd4 Nf6 5. Nc3 a6 6. Bc4 b5 7. Bb3 Nbd7 8. O-O e6 9. Re1 Nc5 10. Bg5 Nxb3 11. cxb3 Bb7 12. a4 bxa4 13. Nd5 Be7 14. Nxe7 Qxe7 15. Nf5 exf5 16. exf5 Be4 17. Bxf6 Qxf6 18. Rxe4+ Kf8 19. Raxa4 h5 20. h4 Kg8 21. Qf3 Qxb2 22. f6 Qxf6 23. Rf4 Qd8 24. Rxf7 Rh6 25. Rc4 d5 26. Rcc7 Rg6 27. Rcd7 Qa5 28. Qxh5 Qe1+ 29. Kh2 Qe6 30. Rfe7 Qc6 31. Qe5 Qf6 32. Qxd5+ 1-0

[Event "Open"]
[Site "Calcutta IND"]
[Date "1993.??.??"]
[Round "1"]
[White "Tiviakov, Sergei"]
[Black "Sharma, L.G."]
[Result "0-1"]
[WhiteElo "2575"]
[BlackElo "2260"]
[PlyCount "56"]
[EventDate "1993.??.??"]
[Source "www.chesslib.no"]
[SourceDate "2004.05.04"]

1. e4 c5 2. Nf3 d6 3. d4 cxd4 4. Nxd4 Nf6 5. Nc3 a6 6. Bc4 Nbd7 7. a4 g6 8. Be3 Bg7 9. O-O Ne5 10. Bb3 Nfg4 11. Bf4 Nc6 12. Nxc6 bxc6 13. Qd2 Qa5 14. f3 Ne5 15. Kh1 Rb8 16. Bh6 O-O 17. Bxg7 Kxg7 18. f4 Nd7 19. Qd4+ f6 20. Rae1 Qb4 21. Qd2 a5 22. e5 d5 23. exf6+ exf6 24. Re6 Ne5 25. fxe5 Bxe6 26. Qe3 f5 27. Ne2 Rbe8 28. Rf4 Qe1+ 0-1

[Event "ESP-chT Final"]
[Site "Sanxenxo"]
[Date "2003.11.17"]
[Round "1"]
[White "Suarez Pousa, Diego"]
[Black "Lopez Martinez, Josep Manuel"]
[Result "1/2-1/2"]
[WhiteElo "2383"]
[BlackElo "2425"]
[PlyCount "104"]
[EventDate "2003.11.17"]
[Source "Roberto Alvarez"]
[SourceDate "2003.12.08"]

1. e4 c5 2. Nc3 d6 3. Nf3 Nf6 4. d4 cxd4 5. Nxd4 a6 6. Bc4 b5 7. Bb3 Bb7 8. O-O Nbd7 9. f4 e6 10. Be3 Nc5 11. e5 Nxb3 12. axb3 dxe5 13. fxe5 Nd7 14. Qh5 g6 15. Qh3 Bc5 16. Rad1 Qe7 17. Qg3 h6 18. Nce2 g5 19. c3 Bb6 20. b4 Bd5 21. b3 Bc7 22. c4 Bb7 23. cxb5 Nxe5 24. Qh3 h5 25. bxa6 Bxa6 26. Bf2 Qxb4 27. Qe3 Ng4 28. Qxg5 Bxh2+ 29. Kh1 Qe7 30. Qc1 Bb7 31. Qc4 Bd5 32. Qb5+ Qd7 33. Qxd7+ Kxd7 34. Nc3 Bd6 35. Ndb5 Kc6 36. Nxd6 Kxd6 37. Bg3+ Kc6 38. Nxd5 exd5 39. Rc1+ Kb6 40. Rxf7 Rac8 41. Bc7+ Kb5 42. Rd7 Rhe8 43. Rxd5+ Kb4 44. g3 Kxb3 45. Rb5+ Ka2 46. Rc6 Re1+ 47. Kg2 Re2+ 48. Kf1 Rf2+ 49. Kg1 Ra8 50. Rxh5 Rb2 51. Bf4 Ra3 52. Rhc5 Ne3 1/2-1/2

[Event "ESP-Tch  1a Div"]
[Site "Ciudad Real"]
[Date "2004.08.28"]
[Round "6"]
[White "Teran Alvarez, Ismael"]
[Black "Andres Gonzalez, Alberto"]
[Result "1/2-1/2"]
[WhiteElo "2410"]
[BlackElo "2397"]
[PlyCount "83"]
[EventDate "2004.08.23"]
[Source "Roberto Alvarez"]
[SourceDate "2004.09.06"]

1. e4 c5 2. Nf3 d6 3. d4 cxd4 4. Nxd4 Nf6 5. Nc3 a6 6. Bc4 e5 7. Nf5 Be6 8. Bb3 Nc6 9. Bg5 Bxf5 10. exf5 Be7 11. Bxf6 Bxf6 12. Ne4 Qa5+ 13. c3 Rd8 14. O-O d5 15. Qh5 Qc7 16. Nxf6+ gxf6 17. Rad1 Ne7 18. Rd3 Rd6 19. Rfd1 Qc6 20. c4 Rg8 21. cxd5 Qc8 22. Qxh7 Qxf5 23. Qxf5 Nxf5 24. Rc3 Nd4 25. Rc8+ Rd8 26. Rc7 Rd7 27. Rc8+ Rd8 28. Rxd8+ Kxd8 29. Kf1 Rh8 30. h3 Kd7 31. Rc1 Kd6 32. Bd1 f5 33. Rc3 f4 34. g4 fxg3 35. Rxg3 Kxd5 36. Bb3+ Nxb3 37. Rxb3 b5 38. Rf3 f5 39. Rxf5 Rxh3 40. Rf6 a5 41. Rb6 Kc5 42. Re6 1/2-1/2

[Event "Corr"]
[Site "?"]
[Date "2001.09.01"]
[Round "?"]
[White "Langlois Daniel (FRA)"]
[Black "Kurylo Dr.Risard (LTU)"]
[Result "0-1"]
[WhiteElo "2342"]
[BlackElo "2462"]
[PlyCount "44"]
[EventDate "2001.??.??"]
[Source "www.chesslib.no"]
[SourceDate "2004.05.04"]

1. e4 c5 2. Nf3 d6 3. d4 cxd4 4. Nxd4 Nf6 5. Nc3 a6 6. Bc4 Nbd7 7. O-O g6 8. f4 Bg7 9. Bb3 Nc5 10. Nf3 O-O 11. Qe1 Bg4 12. e5 Nxb3 13. exf6 Nxa1 14. fxg7 Re8 15. Qd2 Rc8 16. b3 Bxf3 17. Rxf3 d5 18. f5 Nxc2 19. fxg6 Qb6+ 20. Rf2 Qxg6 21. Nxd5 Nd4 22. Ba3 Qe4 0-1

[Event "CRO-Cup"]
[Site "Pula CRO"]
[Date "1990.??.??"]
[Round "?"]
[White "Kosanovic, Goran A"]
[Black "Mrdja, Milan"]
[Result "0-1"]
[WhiteElo "2405"]
[BlackElo "2395"]
[PlyCount "82"]
[EventDate "1990.??.??"]
[Source "www.chesslib.no"]
[SourceDate "2004.05.04"]

1. e4 c5 2. Nf3 d6 3. d4 cxd4 4. Nxd4 Nf6 5. Nc3 a6 6. Bc4 b5 7. Bb3 Bb7 8. O-O Nbd7 9. Qe2 e6 10. f4 Nc5 11. Be3 Qc7 12. Rae1 Nxb3 13. cxb3 Be7 14. b4 O-O 15. Rc1 Qd7 16. Bf2 Rac8 17. Nb3 Rc4 18. e5 Nd5 19. Nxd5 Bxd5 20. exd6 Bxd6 21. Nc5 Qc6 22. Be3 Rc8 23. b3 Rxc1 24. Rxc1 Qa8 25. Qd2 Rc6 26. Nd3 Rxc1+ 27. Nxc1 Qc6 28. Nd3 f6 29. Bc5 Be4 30. Qe3 Bc7 31. Ne1 Qd5 32. Kf2 e5 33. fxe5 Bxe5 34. h3 f5 35. Nf3 f4 36. Qe2 Bf6 37. a4 bxa4 38. bxa4 a5 39. Nd2 Bd4+ 40. Ke1 Bc3 41. Kd1 axb4 0-1

[Event "Clichy"]
[Site "Clichy FRA"]
[Date "1993.??.??"]
[Round "8"]
[White "Lamoureux, Charles"]
[Black "Hauchard, Arnaud"]
[Result "1-0"]
[WhiteElo "2345"]
[BlackElo "2450"]
[PlyCount "137"]
[EventDate "1993.??.??"]
[Source "www.chesslib.no"]
[SourceDate "2004.05.04"]

1. e4 c5 2. Nf3 d6 3. d4 cxd4 4. Nxd4 Nf6 5. Nc3 a6 6. Bc4 b5 7. Bd5 Nxd5 8. exd5 Bb7 9. a3 Nd7 10. O-O Nf6 11. Re1 g6 12. Qf3 Bg7 13. Bh6 O-O 14. Bxg7 Kxg7 15. Qg3 Re8 16. Rad1 Qd7 17. h3 Nxd5 18. Ndxb5 Nf6 19. Nd4 e5 20. Nde2 Qc6 21. f3 d5 22. Rd2 Rab8 23. Qf2 Ba8 24. Nd1 Nh5 25. c3 Nf6 26. Ng3 Qc7 27. Rf1 Bc6 28. Ne3 h5 29. Re1 Rb3 30. Nd1 Reb8 31. Qe3 Nd7 32. Qg5 Kh7 33. f4 Re8 34. Re3 Qd8 35. Qxd8 Rxd8 36. fxe5 Re8 37. Ne2 Rb6 38. Nd4 Ba4 39. Nf3 Bb3 40. Nf2 f6 41. Nd3 a5 42. Kf2 a4 43. exf6 Rxe3 44. Kxe3 Re6+ 45. Kf2 Rxf6 46. Re2 Kh6 47. Re7 Nb6 48. h4 Bd1 49. Nde1 Bxf3 50. Nxf3 Nc4 51. Ke2 Rf4 52. Rb7 Re4+ 53. Kf2 Ne3 54. g3 Nd1+ 55. Kg1 g5 56. hxg5+ Kg6 57. Rb6+ Kf5 58. g6 Rg4 59. Nh4+ Ke5 60. Kg2 Ne3+ 61. Kf2 Nc4 62. Rb4 Kf6 63. Rxa4 Rg5 64. Ra6+ Kg7 65. Ra7+ Kg8 66. b4 Nd6 67. Kf3 Ne4 68. Kf4 Rxg3 69. Nf5 1-0

[Event "ISL-chT9899"]
[Site "Reykjavik"]
[Date "1999.03.05"]
[Round "?"]
[White "Gretarsson, Andri A"]
[Black "Bosboom, Manuel"]
[Result "1-0"]
[WhiteElo "2313"]
[BlackElo "2471"]
[PlyCount "146"]
[EventDate "1999.??.??"]
[Source "www.chesslib.no"]
[SourceDate "2004.05.04"]

1. e4 c5 2. Nf3 d6 3. d4 cxd4 4. Nxd4 Nf6 5. Nc3 a6 6. Bc4 b5 7. Bb3 Bb7 8. f3 e6 9. g4 Nc6 10. Be3 Qc7 11. Qe2 Nxd4 12. Bxd4 Be7 13. h4 Bc6 14. g5 Nh5 15. Qg2 O-O 16. a3 Qb7 17. O-O a5 18. Rfd1 g6 19. Be3 a4 20. Ba2 b4 21. axb4 Qxb4 22. Rab1 Rfc8 23. Ne2 Bb5 24. Rd4 Qc5 25. Nc3 Bd7 26. Qd2 Qa5 27. Ra1 Qc7 28. e5 a3 29. exd6 axb2 30. Rb1 Bxd6 31. Rxd6 Qxc3 32. Rxd7 Qxd2 33. Rxd2 Rxa2 34. c3 Rb8 35. Bd4 h6 36. Be5 Ra1 37. Rdd1 Rxb1 38. Rxb1 Rb5 39. f4 Ng3 40. c4 Rb4 41. Rxb2 Rxb2 42. Bxb2 Ne2+ 43. Kf2 Nxf4 44. Kf3 hxg5 45. hxg5 Nd3 46. Bd4 Nb4 47. Ke4 Nc6 48. Bb2 Kf8 49. Bf6 Ke8 50. Bc3 Kd7 51. Bb2 Kc7 52. Ba3 Kb6 53. Bf8 Ka5 54. Bd6 Ka4 55. Bf8 Kb3 56. c5 Kc4 57. Bd6 Kb5 58. Kf4 Ka6 59. Ke4 Kb7 60. Kf4 Kc8 61. Ke4 Kd7 62. Kf4 Ke8 63. Ke4 Kd8 64. Kf4 Kc8 65. Ke4 Kb7 66. Kf4 Ka6 67. Bc7 Kb5 68. Bd6 Kb4 69. Bf8 Kc4 70. Ke4 Kc3 71. Bd6 Kd2 72. Be5 Ke2 73. Bc3 Kf2 1-0

[Event "Novaya Ladoga (Russia)"]
[Site "?"]
[Date "2001.??.??"]
[Round "?"]
[White "Sysolyatin Evgeny"]
[Black "Anjuhin Alex"]
[Result "0-1"]
[WhiteElo "2326"]
[BlackElo "2425"]
[PlyCount "84"]
[EventDate "2001.??.??"]
[Source "www.chesslib.no"]
[SourceDate "2004.05.04"]

1. e4 c5 2. Nf3 d6 3. d4 cxd4 4. Nxd4 Nf6 5. Nc3 a6 6. Bc4 b5 7. Bb3 Bb7 8. O-O Nbd7 9. f4 Nxe4 10. Nxe4 Bxe4 11. Re1 d5 12. c4 bxc4 13. Ba4 e6 14. Nc6 Bc5+ 15. Kh1 Qc7 16. Ne5 Rd8 17. Be3 Bd6 18. Nxd7 Rxd7 19. Qd2 O-O 20. Bxd7 Qxd7 21. Bd4 Qc7 22. Rf1 f6 23. Rac1 Rb8 24. Bc3 Bc5 25. Rcd1 Qb6 26. Rfe1 Bd3 27. b3 Kf7 28. bxc4 dxc4 29. Ba5 Qb2 30. Bc3 Qb6 31. Ba5 Qb2 32. Bc3 Qxd2 33. Rxd2 Rb5 34. Rb2 Ke7 35. a4 Rxb2 36. Bxb2 Bf2 37. Ra1 Kd6 38. Rd1 Kd5 39. a5 Bd4 40. Bxd4 Kxd4 41. Kg1 Ke3 42. Re1+ Be2 0-1

[Event "Helsinki"]
[Site "Helsinki FIN"]
[Date "1994.??.??"]
[Round "25"]
[White "Sammalvuo, Tapani"]
[Black "Rytshagov, Mikhail"]
[Result "0-1"]
[WhiteElo "2280"]
[BlackElo "2470"]
[PlyCount "88"]
[EventDate "1994.??.??"]
[Source "www.chesslib.no"]
[SourceDate "2004.05.04"]

1. e4 c5 2. Nf3 d6 3. d4 cxd4 4. Nxd4 Nf6 5. Nc3 a6 6. Bc4 b5 7. Bb3 Bb7 8. O-O Nbd7 9. Re1 Nc5 10. Nf5 e6 11. Ng3 Be7 12. a3 Nxb3 13. cxb3 O-O 14. b4 Rc8 15. Be3 Rc4 16. f3 d5 17. e5 d4 18. exf6 Bxf6 19. Bxd4 Bxd4+ 20. Kh1 Bxc3 21. bxc3 Rxc3 22. Qxd8 Rxd8 23. Kg1 Kf8 24. Rec1 Rdd3 25. Rxc3 Rxc3 26. Ne2 Rd3 27. Kf2 g5 28. Kg3 Rd2 29. Kf2 Bd5 30. Ke3 Rb2 31. Nc3 Bc4 32. g4 Rxh2 33. Kd4 Rd2+ 34. Kc5 Rc2 35. Ne4 Bd5+ 36. Kb6 Rc6+ 37. Ka7 h6 38. Nc5 a5 39. Rc1 axb4 40. axb4 Bxf3 41. Rc3 Bd5 42. Rd3 Kg7 43. Ra3 Kg6 44. Nd3 f6 0-1

[Event "Mayor de Chile 2003"]
[Site "?"]
[Date "2004.02.16"]
[Round "9.4"]
[White "Rojas, Luis"]
[Black "Michel, Christian"]
[Result "1/2-1/2"]
[WhiteElo "2408"]
[BlackElo "2335"]
[PlyCount "106"]
[EventDate "2004.02.09"]
[Source "Roberto Alvarez"]
[SourceDate "2004.02.23"]

1. e4 c5 2. Nf3 d6 3. d4 cxd4 4. Nxd4 Nf6 5. Nc3 a6 6. Bc4 b5 7. Bb3 Bb7 8. Qe2 Nbd7 9. Bg5 Nc5 10. Bd5 e6 11. Bxf6 gxf6 12. Bxb7 Nxb7 13. Qh5 Qd7 14. Nce2 Rc8 15. Qf3 Be7 16. c3 Rc5 17. g4 Re5 18. O-O-O Nc5 19. Ng3 Qb7 20. Rhe1 d5 21. exd5 Rxd5 22. Re3 Rd7 23. Qe2 Qd5 24. Nb3 Qxd1+ 25. Qxd1 Rxd1+ 26. Kxd1 Na4 27. Kc2 Bd6 28. Nd4 Nb6 29. Rf3 Nd5 30. Ne4 Bxh2 31. Nxf6+ Nxf6 32. Rxf6 h5 33. gxh5 Be5 34. Rf3 Rxh5 35. Nb3 Bd6 36. Kd3 Rh1 37. Nd2 f5 38. c4 Kd7 39. cxb5 axb5 40. Nb3 Be5 41. Re3 Kd6 42. Kc2 Rf1 43. Re2 Bf6 44. Nd2 Rh1 45. Nb1 b4 46. a3 Bg5 47. Nd2 bxa3 48. bxa3 Kd5 49. Nf3 Bf4 50. Ne1 Bd6 51. Ng2 e5 52. Ne3+ Ke6 53. Nc4 Rh2 1/2-1/2